000 nam a22 7a 4500
999 _c7934
_d7934
008 171113b xxu||||| |||| 00| 0 eng d
020 _a9780399534881
100 _aConverse
_94397
245 _aSpecial - Needs kids Eat Right
260 _aUSA
_bJudy Concerse
_c2009